LEADER 01036nam a2200277 i 4500 001 000000225437 003 CaOOAMICUS 005 20131204000000.0 008 131204s2003 it u000 u ita u 013 $a204339 020 $a88-17-87155-9 040 $aSeMil$bita 100 1 $aTaylor, Kressmann.$0(OLS)http://semarc/name/78335 240 10$aDay of no return.$0(OLS)http://semarc/title/322917 245 10$aSenza ritorno /$cKressmann Taylor ; traduzione di Fabrizio Ascari. 260 $aMilano :$bRizzoli,$c2003. 300 $a438 p. ;$c19 cm. 490 0 $aLa scala 700 1 $aAscari, Fabrizio.$0(OLS)http://semarc/name/78336 830 3$aLa scala.$0(OLS)http://semarc/title/7359 850 $aSeMil 852 $aSeMil$W1$xVenegono$y1$m1V I 203$j175783$B175783$CSeMilBibl$Z2$F187473 $81 961 $aOmaggio: Altro 996 $6020$a88-17-87155-9$9(OLS)http://semarc/number/226319 996 $6245$aSenza ritorno$9(OLS)http://semarc/title/322916 996 $6260$aMilano :$bRizzoli$9(OLS)http://semarc/publisher/29824 LEADER 01083nam a2200229 i 4500 001 000000063855 003 CaOOAMICUS 005 20130330000000.0 008 130330s1952 xx u000 u lat u 013 $a35027 040 $aSeMil$bita 245 10$aSermones inediti B. Aelredi Abbatis Rievallensis /$ced. C. H. Talbot. 260 $aRomae :$bApud Curiam Generalem Sacri Ordinis Cisterciensis,$c1952. 300 $a190 p. ;$c27 cm. 490 0 $aSeries Scriptorum S. Ordinis Cisterciensis ;$vVol.1. 600 04$aAelredo : di Rielvaux .$0(OLS)http://semarc/subject/304 700 1 $aTalbot, Charles Hugh,$d<1906- >.$0(OLS)http://semarc/name/1012 830 0$aSeries Scriptorum S. Ordinis Cisterciensis ;$vVol.1.$0(OLS)http://semarc/title/38406 850 $aSeMil 852 $aSeMil$W1$xVenegono$y1$m2L V 126$j30008$B30008$CSeMilBibl$Z2$F30011 $81 996 $6245$aSermones inediti B. Aelredi Abbatis Rievallensis$9(OLS)http://semarc/title/100932 996 $6260$aRomae :$bApud Curiam Generalem Sacri Ordinis Cisterciensis$9(OLS)http://semarc/publisher/30395